Aplikácia chemických vláken v textilnom a odevnom priemysle zborník prednášok z 9. celoštátnej konferencie, Liptovský Ján 18.-20. 4.1972

Bibliographic Details
Format: Book
Language:Slovak
PhysicalDescription:349 s. 20 cm
Published: Žilina Dom techniky SVTS 1972
Subjects:

MARC

LEADER 00000nam a2200000 a 4500
001 vtls001426676
003 SK-MaSNL
005 20260301202618.0
008 250312s1972 xo a r slo
020 |c b.c. 
035 |a SNK000381632 
035 |a urn:nbn:sk:snk-am3h4zm 
035 |a urn:nbn:sk:snk-am00cnlo 
035 |a 2D2D3CCE-DE27-46FE-A0BA-338E91C71464 
040 |a SNK  |b slo  |c SNK  |e AACR2 
041 0 |a slo 
044 |a xo  |c SK 
080 |a 677.4(082)  |2 1981 
245 1 0 |a Aplikácia chemických vláken v textilnom a odevnom priemysle  |b zborník prednášok z 9. celoštátnej konferencie, Liptovský Ján 18.-20. 4.1972 
260 |a Žilina  |b Dom techniky SVTS  |c 1972 
300 |a 349 s.  |c 20 cm 
500 |a Čiast. text čes. 
500 |a Na obale názov nem. 
650 0 7 |a vlákna chemické  |x využitie  |x zborníky  |2 SNK  |9 584908 
852 |a Slovenská národná knižnica 
958 |a OND 
999 |c 899482  |d 901412 
952 |t P60, <03>, [BOOK], {603}  |a SNK  |b SNK  |y PREZ  |7 0  |p 17A0326307  |o snkSD 71966  |i snkD 19/2002  |0 0  |1 0  |4 0  |d 2002-01-09  |f 1  |l 0  |r 2005-01-02 00:00:00  |w 2026-02-24 
952 |t P60, <04>, [BOOK], {604}  |a SNK  |b SNK  |y VYP  |7 0  |p 17A0325675  |o snkSD 71966 D1  |i snkD 64/2002  |0 0  |1 0  |4 0  |d 2002-01-09  |l 0  |r 2005-01-02 00:00:00  |w 2026-02-24